000 00834nam a2200265 4500
001 10784
003 BD-RjUL
005 20211208235021.0
008 140125r19611951nyua b 001 0 eng d
035 _a(BD-RjUL)10833
040 _aDLC
_cDLC
_dDLC
_dBD-RjUL
_beng
041 _aeng
082 0 0 _a547.13453
_bCAA 1961
100 1 _aCassidy, Harold Gomes.
_931282
245 1 0 _aAdsorption and chromatography. /
_cby Harold Gomes Cassidy.
260 _aNew York :
_bInterscience Publishers,
_c1951 [reprinted 1961].
300 _axix, 360 p. :
_billus.
_c24 cm.
490 0 _aTechnique of organic chemistry, v. 5
504 _aIncludes bibliographical references and index.
650 0 _aAdsorption.
_933355
650 0 _aChromatographic analysis.
_933356
942 _2ddc
_cBK
999 _c10784
_d10784